00273nam a2200109Ia 4500008004100000100000900041245003000050260005100080300000800131942000700139999001700146190216s9999||||xx |||||||||||||| ||und|| aNull 0aArithmatic Algebra-Part 1 bNational Council Of Educational Researchc1968 a157 cBK c30473d30473